LEADER 01209nam a2200301 u 4500 001 000000057814 003 CaOOAMICUS 005 20070226120625.0 008 010517s1997 it u000 u ita u 020 $a8826311633 035 $a10889225 040 $aPUL(R)$bita 245 00$aEscatologia /$channo collaborato: Mario Cimosa ... [et al.]. 260 $aRoma :$bBorla,$cc1997. 300 $a316 p. ;$c21 cm 490 1 $aDizionario di spiritualitą biblico-patristica ;$v16 504 $aBibliografia: p. 311-316. 650 4$aPadri della Chiesa.$0(OLS)http://pul/subject/533 650 4$aEscatologia.$0(OLS)http://pul/subject/791 700 1 $aCimosa, Mario,$cSDB.,$d1940-$0(OLS)http://pul/name/24736 830 0$aDizionario di spiritualitą biblico-patristica ;$v16.$0(OLS)http://pul/title/65660 850 $aPUL 852 $aPUL$W1$xSL Cons. Gen., Altre Classi 1$y1$m2016.E$j75399$nBK-PRI$b $qStampati$B75544$CPULBib$Z2$F75544 $H $81 941 1 $a8 961 $aINV: 76620 996 $6020$a8826311633$9(OLS)http://pul/number/73123 996 $6245$aEscatologia$9(OLS)http://pul/title/57044 996 $6260$aRoma :$bBorla$9(OLS)http://pul/publisher/48061 LEADER 01227nam a2200313 a 4500 001 000000169231 003 CaOOAMICUS 005 20180918093953.0 008 180918s1985 it u000 u ita r 020 $a88-7710-011-7* 032 $aLibriCat 040 $aPUL$bita 041 1 $aita$aeng$heng 100 1 $aDonne, John,$d1572-1631.$0(OLS)http://pul/name/87496 245 10$aCanzoni e sonetti /$cJohn Donne ; traduzione di Patrizia Valduga ; postfazione di Giuseppe Guglielmi. 260 $aMilano :$bSE,$c©1985. 300 $a95 p. ;$c20 cm. 490 1 $aPiccola enciclopedia ;$v09 546 $aTesto originale a fronte. 700 1 $aGuglielmi, Giuseppe.$0(OLS)http://pul/name/109023 700 1 $aValduga, Patrizia.$0(OLS)http://pul/name/109024 830 0$aPiccola enciclopedia ;$v09.$0(OLS)http://pul/title/107143 850 $aPUL 852 $aPUL$W1$xDP1 Fondo Dalla Palma$y117$m9 D 51$j44857$qFondi$B197209$CPULBib$Z2$F197209 $HDal629 $81 941 1 $a1 996 $6020$a88-7710-011-7*$9(OLS)http://pul/number/164698 996 $6245$aCanzoni e sonetti$9(OLS)http://pul/title/209799 996 $6260$aMilano :$bSE$9(OLS)http://pul/publisher/76149